| 000 | 01402nam a2200277 a 4500 | ||
|---|---|---|---|
| 001 | 000870307 | ||
| 003 | AM-YeHGA | ||
| 005 | 20250617161902.0 | ||
| 008 | 120227s1953 ru r 000 0 rus d | ||
| 040 | _aAM-YeHGA | ||
| 041 | 0 | _arus | |
| 245 | 0 | 0 |
_aКендырь коноплевый / _cЯ.А. Алешкина, Ф.Л. Бурмирстров, А.П. Кирьянов, В.В. Феофилкатов; Под ред. Н.Я. Ицкова, А.Д. Туровой; Мин. здравоохранения Союза ССР; ВНИИ лекарств. и аромат. растений "Вилар". |
| 260 |
_aМ. : _bМедгиз, _c1953. |
||
| 300 |
_a78 с. : _bрис., табл. ; _c21 см. |
||
| 504 | _aБиблиогр. в подстроч. примеч. и лит. с. 75-77 | ||
| 650 | 1 | 4 | _aЛекарственные растения |
| 700 | 1 | _aАлешкина, Я.А. | |
| 700 | 1 | _aБурмистров, Ф.Л. | |
| 700 | 1 | _aКирьянов, А.П. | |
| 700 | 1 | _aФеофилактов, В.В. | |
| 700 | 1 |
_aЦиков, Н.Я. _eред. _4edt |
|
| 700 | 1 |
_aТуров, А.Д. _eред. _4edt |
|
| 710 | 2 | _aМинистерство здравоохранения СССР | |
| 710 | 2 | _aВсесоюзный научно-исследовательский институт лекарственных и ароматических растений "Вилар" | |
| 090 | _c482459 | ||
| 999 |
_c479114 _d479114 |
||